| 000 | 00702nam a2200205 i 4500 | ||
|---|---|---|---|
| 001 | 20187 | ||
| 003 | ES-MaACL | ||
| 005 | 20230906152242.0 | ||
| 007 | t| | ||
| 008 | 021107s1950 sp ||||1| spa d | ||
| 100 | 1 |
_aAguirre, Adolfo de. _918807 |
|
| 245 | 1 | 0 |
_aSelección y estudio de Francisco de Nárdiz / _cAdolfo de Aguirre. |
| 260 |
_aSantander : _b[s.n., _c1950] ( _fImp. Libreria Moderna) |
||
| 300 |
_aLXIII, 116 p. ; _c18 cm. |
||
| 490 | 1 |
_aAntología de escritores y artistas montañeses ; _vv. 9 |
|
| 700 | 1 |
_aNárdiz, Francisco de. _984940 |
|
| 830 | 0 |
_aAntología de escritores y artistas montañeses ; _vv. 9 _9182852 |
|
| 852 |
_aES-MaACL _jD-6057 _bR.31272 |
||
| 999 |
_c20187 _d20187 |
||